|
|
|
|
| LEADER |
00000naa a2200000 i 4500 |
| 001 |
publ546 |
| 005 |
20151110114237.0 |
| 008 |
151110s2003 hu o 000 zxx d |
| 040 |
|
|
|a BGE Publikációtár Repozitórium
|b hun
|
| 100 |
1 |
|
|a Sági Judit
|
| 245 |
1 |
0 |
|a Bankszektor - strukturális kihívások és kockázataik
|c Sági Judit
|h [elektronikus dokumentum]
|
| 260 |
|
|
|a Budapesti Gazdasági Főiskola
|b Budapest
|c 2003
|
| 300 |
|
|
|a 247-250
|
| 490 |
0 |
|
|a Tudományos Évkönyv 2002: Híd kelet és nyugat között
|
| 650 |
|
4 |
|a gazdálkodás- és szervezéstudományok
|
| 695 |
|
|
|a Bankszektor
|
| 695 |
|
|
|a Strukturális politika
|
| 856 |
4 |
0 |
|u https://publikaciotar.uni-bge.hu/id/eprint/546/1/S%C3%A1gi%20Judit%20-%20Bankszektor.pdf
|z Dokumentum-elérés
|